De milagros y melancolías /

Guardado en:
Autor Principal: Mujica Láinez, Manuel
Formato: Libro
Publicado: Buenos Aires : Sudamericana, 1973
Edición:3a. ed.
Materias:
Etiquetas: Agregar Etiqueta
Sin Etiquetas, Sea el primero en etiquetar este registro!
LEADER 00582nam a22002055a 4500
001 CEM.cems004559
005 20101202132031.0
008 130507s1973##################000#0#####d
003 CEMS
082 0 4 |a A863.4 
100 1 |a Mujica Láinez, Manuel 
245 1 0 |a De milagros y melancolías /  |c Manuel Mujica Láinez 
250 |a 3a. ed. 
260 |a Buenos Aires :  |b Sudamericana,  |c 1973 
300 |a 427 p. 
653 |a Literatura 
653 |a Literatura argentina 
653 |a Novelas 
653 |a Novela argentina 
859 |a CEMS  |b BIB. CEMS - 11 de abril  |h A863.4  |i M897-3a3  |p 13352.85  |t Ej.1